| 000 | 00376nam a2200145 i 4500 | ||
|---|---|---|---|
| 001 | bg | ||
| 100 | 1 | _aKOZAKIEWICZ, Wanda | |
| 245 | 0 |
_aBiblioteka szpitalna dla pacjentów / _cWanda Kozakiewicz, Bożena Brzózka. |
|
| 260 |
_aWarszawa, _c1984. |
||
| 700 | 1 | _aBRZÓZKA, Bożena | |
| 040 | _cBPK | ||
| 041 | _apol | ||
| 942 | _cKS | ||
| 008 | s pl f |000 0 pol | ||
| 999 |
_c22302 _d22302 |
||
| 856 |
_uhttp://koha.tu.koszalin.pl/cgi-bin/koha/opac-detail.pl?biblionumber=22302 _yKatalog online BPK |
||